Štyri desaťročia inžinierskej geológie na Slovensku a prínos profesora M. Matulu k jej rozvoju

Bibliographic Details
Main Author: Ondrášik, Rudolf, 1936- (Author)
Format: Article
Language:Slovak
ISBN:8096715429
Subjects:

MARC

LEADER 00000nab a2200000 a 4500
001 vtls000584965
003 SK-MaSNL
005 20260426100727.0
008 160202c xo 0 slo
015 |a SNBRA19rr/mm-uuuuu 
035 |a CL0585104 
040 |a SNKBUCL  |b slo  |c SNKBUCL  |e AACR2 
041 0 |a slo 
044 |a xo  |c SK 
080 |a 550.8(437.6):553(437.6):624.131.1(437.6)  |2 1981 
080 |a 553(437.6)  |2 1981 
080 |a 624.131.1(437.6)  |2 1981 
100 1 |a Ondrášik, Rudolf,  |d 1936-  |4 aut  |9 135253 
245 1 0 |a Štyri desaťročia inžinierskej geológie na Slovensku a prínos profesora M. Matulu k jej rozvoju  |c Rudolf Ondrášik 
650 0 7 |a geológia inžinierska  |2 snkbucl  |9 281580 
651 7 |a Slovensko  |2 snkbucl  |9 14231 
655 7 |a články zo zborníkov  |2 snkbucl  |9 166140 
773 0 |t Výsledky, problémy a perspektívy inžinierskej geológie v Slovenskej republike  |g S. 7-9  |z 8096715429 
773 0 |d Bratislava : Slovenská asociácia inžinierskych geológov, 1994 
850 |a Slovenská národná knižnica v Martine  |a MTA001 
852 |a SNK  |b KIS3GCP 
958 |a RK 
958 |a SK 
992 |a RZB 
999 |c 3205695  |d 3207625